Rethinking Law and Violence (Record no. 26480)

MARC details
000 -LEADER
fixed length control field 01084nam a22001577a 4500
020 ## - INTERNATIONAL STANDARD BOOK NUMBER
ISBN 9780190120993
082 ## - DEWEY DECIMAL CLASSIFICATION NUMBER
Classification number 340.1
Item number RET-
245 ## - TITLE STATEMENT
Title Rethinking Law and Violence
260 ## - PUBLICATION, DISTRIBUTION, ETC. (IMPRINT)
Place of publication New Delhi
Name of publisher Oxford University Press
Year of publication 2020
300 ## - PHYSICAL DESCRIPTION
Number of Pages xxxvi,398p.
520 ## - SUMMARY, ETC.
Summary, etc Conceptualized outside the theoretical framing of both liberal as well as critical approaches, this book re-imagines the law by exploring the contradictions and polarities of in terms of its relationship with violence. It encompasses and interweaves themes and ideas as diverse as death penalty, community might, state sovereignty on the one hand, to animal rights, sexual consent, children's agency and LGBT rights, on the other. While acknowledging that law is fundamentally and inherently tied to violence, the objective of this eclectic collection is to respond to and engage with the violence of law by exploring alternate ways of conceptualizing, reading, practising, and making the law
650 ## - SUBJECT ADDED ENTRY--TOPICAL TERM
Topical Term Law
Form subdivision Violence
-- Philosophy
700 ## - ADDED ENTRY--PERSONAL NAME
Personal name Vashist, Latika
700 ## - ADDED ENTRY--PERSONAL NAME
Personal name Sood, Jyoti Dogra
942 ## - ADDED ENTRY ELEMENTS (KOHA)
Source of classification or shelving scheme Dewey Decimal Classification
Koha item type Books
Holdings
Withdrawn status Lost status Damaged status Not for loan Home library Current library Date acquired Source of acquisition Cost, normal purchase price Bill Date Full call number Accession Number Cost, replacement price Price effective from Koha item type
        NASSDOC Library NASSDOC Library 04/02/2021 Overseas Press India Private Limited 1237.35 2021-01-27 340.1 RET- 51205 1695.00 12/02/2021 Books